LEADER 02998nam1 22005653i 450 001 BVEE015640 005 20170908093202.0 100 $a20080303d1566 ||||0itac50 ba 101 | $alat$agrc 102 $ait 181 1$6z01$ai $bxxxe 182 1$6z01$an 200 1 $aEpistolae D. Hieronymi Stridonensis, et libri contra haereticos, ex antiquissimis exemplaribus, nunc primum, opera, ac studio Mariani Victorii Reatini emendati, eiusdemque argumentis, & scholiis illustrati. Adiecta est operis initio Vita S. Hieronymi, olim falso ab Erasmo, aliisque relata, quam idem Marianus ex eius scriptis collectam primus edidit. ... Index locupletissimus, ... ab eodem Mariano compositus. Loca Sacrae Scripturae, a D. Hieronymo explicata 210 $aRomae$capud Paulum Manutium, Aldi f. in aedibus Populi Romani$d1566 215 $a4 v.$d8º 300 $aRiferimenti: A. A. Renouard, Annali delle edizioni aldine, Bologna 1953, p. 199 (3); Adams, vol. 1., J133 300 $aMarche tipografiche sui frontespizi dei volumi 1. e 3 300 $aCors. ; rom. ; gr 300 $aIniziali xil. 463 1$1001BVEE015641$12000 $a1$v1 463 1$1001BVEE021794$12000 $a3$v3 463 1$1001UM1E002337$12000 $a2$v2 463 1$1001UM1E002340$12000 $a4$v4 500 10$aEpistolae.$3PUV0402964$9CFIV010145$919665 620 $aIT$dRoma$3LO1L002924 700 0$aHieronymus$c $3CFIV010145$4070$0187193 702 1$aVittori$b, Mariano$f $3SBLV317019 712 02$aManuzio, Paolo$3BVEV017683$4650 712 02$aStamperia del Popolo Romano$3BVEV017686$4650 790 0$aGerolamo$c $3CFIV082334$zHieronymus 790 0$aJerôme$c $3CFIV156834$zHieronymus 790 0$aJerónimo$3IEIV087260$zHieronymus 790 0$aGirolamo$c $3MILV186364$zHieronymus 790 0$aHieronymus : Stridonensis$3MILV327573$zHieronymus 790 1$aHieronymus$b, Sophronius Eusebius$3TSAV367348$zHieronymus 790 1$aAmoretti$b, Mariano$f $3UM1V013549$zVittori, Mariano 791 02$aPopolo Romano$3BVEV053844$zStamperia del Popolo Romano 791 02$aStamperia del Popolo Romano$3MODV642915$zStamperia del Popolo Romano 801 3$aIT$bIT-NA0079$c20080303 850 $aIT-NA0070$aIT-NA0120$aIT-NA0075 912 $aBVEE015640 921 $aBVEM000091$bAncora con delfino.$cV221 921 $aBVEM001730$bAncora con delfino.$cU240$cO799$dSul frontespizio 921 $aTO0M000039$bAncora chiaroscurata in posizione verticale su cui e attorcigliato un delfino, il tutto senza cornice.$cZ50 950 1$aBiblioteca Universitaria$c1 v.$d BUALDINE 140 950 1$aIstituto italiano per gli studi storici$c1 v.$d CRNICOLINI XVI 0433 950 1$aBiblioteca statale oratoriana dei Girolamini$c1 v.$d GEA 32 0026 977 $a BU$a CR$a GE 996 $aEpistulae$919665 997 $aUNISANNIO